Efectos de la urbanización en el clima del valle de México /

Na minha lista:
Detalhes bibliográficos
Autor principal: Jáuregui, Ernesto
Formato: Texto
Tags: Adicionar Tag
Sem tags, seja o primeiro a adicionar uma tag!

MARC

LEADER 00000 a a2200000 04500
001 45768
003
040 |a CRAI/IIS  |c CRAI/IIS 
100 |a Jáuregui, Ernesto  
245 |a Efectos de la urbanización en el clima del valle de México /  |c Ernesto Jáuregui  
773 |g número41 (1988), páginas 6-7  
999 |c 18454  |d 18454